书目信息 |
| 题名: |
综合电子设计与实践
|
|
| 作者: | 田良 , 田良 编著 | |
| 分册: | ||
| 出版信息: | 南京 东南大学出版社 2002.03 |
|
| 页数: | 314页 | |
| 开本: | 26cm | |
| 丛书名: | 电工电子实践课程丛书 | |
| 单 册: | ||
| 中图分类: | TM702 , TN710 | |
| 科图分类: | ||
| 主题词: | 电子电路--电路设计 , 电子电路 , 电路设计 , 电子电路 | |
| 电子资源: | ||
| ISBN: | 7-81050-862-8 | |
| 000 | 00941nam2 2200313 45 | |
| 001 | 012004000000 | |
| 005 | 20050422105129.97 | |
| 010 | @a7-81050-862-8@dCNY 28.00 | |
| 100 | @a20041220e2002 em y0chiy0121 ea | |
| 101 | 0 | @achi |
| 102 | @aCN@b320000 | |
| 105 | @aak z 000yy | |
| 200 | 1 | @a综合电子设计与实践@Azong he dian zi she ji yu shi jian@f田良等编著@Ftian liang deng bian zhu |
| 210 | @a南京@c东南大学出版社@d2002.03@h2003重印 | |
| 215 | @a314页@c图, 表格@d26cm | |
| 225 | 2 | @a电工电子实践课程丛书 |
| 304 | @a本书的其他编著者: 王尧, 黄正瑾, 陈建元, 束海泉 | |
| 320 | @a附参考文献和附录 | |
| 410 | 0 | @12001 @a电工电子实践课程丛书 |
| 606 | 0 | @a电子电路@x电路设计 |
| 606 | 0 | @a电子电路 |
| 606 | 0 | @a电路设计 |
| 606 | 0 | @a电子电路 |
| 690 | @aTM702@v4 | |
| 690 | @aTN710@v3 | |
| 701 | 0 | @a田良@Atian liang@4编著 |
| 701 | 0 | @a田良@Atian liang@4编著 |
| 801 | 0 | @aCN@bQSSKw@c20050422 |
| 905 | @a10447@dTN710@eT632 | |
| 综合电子设计与实践/田良等编著.-南京:东南大学出版社,2002.03(2003重印) |
| 314页:图, 表格;26cm.-(电工电子实践课程丛书) |
| ISBN 7-81050-862-8:CNY 28.00 |
| ● |
| 相关链接 |
|
|
|
正题名:综合电子设计与实践
索取号:TN710/T632
 
预约/预借
| 序号 | 登录号 | 条形码 | 馆藏地/架位号 | 状态 | 备注 |
| 1 | 441734 | 204417345 | 自科库301/301自科库 30排3列2层/ [索取号:TN710/T632] | 在馆 | |
| 2 | 441735 | 204417354 | 自科库301/301自科库 30排3列2层/ [索取号:TN710/T632] | 在馆 | |
| 3 | 441736 | 204417363 | 自科二线404/404自科库 12排6列3层/ [索取号:TN710/T632] | 在馆 |